| 000 | 00902nam a2200229 a 4500 | ||
|---|---|---|---|
| 001 | 000026438 | ||
| 005 | 20200930030225.0 | ||
| 008 | 110317s1971 mx r 000 0 spa d | ||
| 040 |
_aDO-SdBNP _bspa _cBNPHU |
||
| 041 | 1 | 7 |
_aspa _heng _2Código de idioma MARC |
| 082 |
_axxx _bV478t |
||
| 100 | 1 |
_aVerbit, Gilbert P. _953489 |
|
| 240 | 1 | 0 |
_aTrade agreements for developing countries. _lInglés: |
| 245 | 1 | 0 |
_aTécnicas en los convenios comerciales para países en desarrollo / _cGilbert P. Verbit ; traducción de Martín Esteve. |
| 260 |
_aMéxico, D. F. : _bLimusa Wiley, _c1971. |
||
| 300 |
_a255, [1] p. ; _c22 cm. |
||
| 500 | _aIncluye datos del autor en la solapa | ||
| 504 | _aIncluye referencias bibliográficas y notas al pie de las páginas | ||
| 534 |
_aTítulo original en Inglés: _bTrade agreements for developing countries. |
||
| 700 | 1 |
_aEsteve, Martín _etr. _949101 |
|
| 049 | _aBNGR | ||
| 999 |
_c25930 _d25930 |
||